MARC

LEADER 00000cjm a2200000 a 4500
001 vtls010274948
003 SK-MaSNL
005 20260302045219.0
007 sd fungnnmmned
008 110502s2010 xo ppnng n mul
015 |a SNBJ2014 
028 0 1 |a OV 0010 2 331  |b Agentúra Pohoda 
040 |a SNK  |b slo  |c SNK  |e AACR2 
041 0 |d slo  |d cze  |d eng  |d rom 
044 |a xo  |c SK 
072 7 |a 784  |x Vokálna hudba  |2 konspekt 
072 7 |a 785  |x Inštrumentálna hudba. Symfonická hudba. Hudba pre viac nástrojov  |2 konspekt 
080 |a 784.4  |2 2001 
080 |a 78-028.82  |2 2001 
080 |a 785  |2 2001 
080 |a (086.76)  |2 2001 
245 0 0 |a Bažant Pohoda 2010  |h zvukový záznam 
260 |a Bratislava  |b Agentúra Pohoda  |c p2010 
300 |a 1 zvuková platňa  |b digitál.  |c 12 cm 
500 |a Kompaktná platňa 
500 |a Príloha denníka SME 
505 0 0 |t Co jsem měl dnes k obědu/Co já všechno uvedu / Midi Lidi --  |t Nad Tatrou sa blýska / Symfonický orchester Slovenského rozhlasu --  |t Na ceste do práce / Vrbovskí Víťazi --  |t Vlastenecká / Bene & Tomáš Hudák --  |t Kohút / Milan Lasica --  |t Hore Bez / Bez ladu a skladu --  |t Zatancuj / Para --  |t Depilace / Kazety --  |t V botách na opätku / Jana Kirschner --  |t Cigánska / Billy Barman --  |t Chaje Av Ke Man Pale / Afterphurikane --  |t Balkánska / Sisa Michalidesová a Zimní kúzelníci --  |t Kul bych / Korben Dallas --  |t Toi Toi / Ska-pra šupina --  |t Priamky / Vandali --  |t Magnet / Moustache --  |t Another Stupid Song / Dope Aviators --  |t Gramatika / Puding Pani Elvisovej --  |t Pikola / WWW --  |t Nerd / Ink Midget & Pjoni --  |t Štyri ročné obdobia (Jar - Allegro) / Vivaldi / Slovenský komorný orchester Bohdana Warchala 
511 0 |a Účinkujú: Midi Lidi, Symfonický orchester Slovenského rozhlasu, Vrbovskí víťazi, Bene & Tomáš Hudák, Bez ladu a skladu, Para, Kazety, Korben Dallas, Ska-pra šupina, Vandali, Moustache, Dope Aviators, Puding Pani Elvisovej, WWW, Ink Midget & Pjoni, Slovenský komorný orchester Bohdana Warchala, Milan Lasica, Jana Kirschner, Billy Barman 
546 |a Piesne v slovenčine, angličtine, češtine a rómčine 
650 0 7 |a populárne piesne  |2 SNKPH  |9 3446 
650 0 7 |a inštrumentálna hudba  |2 SNKPH  |9 3421 
650 0 7 |a alternatívna hudba  |2 SNKPH  |9 78831 
650 0 7 |a Alternative music  |2 SNKPHeng  |9 321028 
650 0 7 |a Popular songs  |2 SNKPHeng  |9 240063 
650 0 7 |a Instrumental music  |2 SNKPHeng  |9 317088 
655 7 |a kompaktné platne  |2 SNKPH  |9 70690 
655 7 |a Compact discs  |2 SNKPHeng  |9 136570 
700 0 |a Bene,  |d 1984-  |4 sng  |9 153077 
700 1 |a Hudák, Tomáš  |4 sng  |9 337378 
700 1 |a Lasica, Milan,  |d 1940-2021  |4 sng  |9 93511 
700 1 |a Kirschner, Jana,  |d 1978-  |4 sng  |9 111011 
700 1 |a Michalidesová, Sisa,  |d 1983-  |4 prf  |9 484715 
710 2 |a Midi Lidi (hudobná skupina)  |4 prf  |9 136310 
710 2 |a Slovenský rozhlas.  |b Symfonický orchester  |4 prf  |9 32475 
710 2 |a Vrbovskí víťazi (hudobná skupina)  |4 prf  |9 35895 
710 2 |a Bez ladu a skladu (hudobná skupina)  |4 prf  |9 35208 
710 2 |a Para (hudobná skupina)  |4 prf  |9 30445 
710 2 |a Kazety (hudobná skupina)  |4 prf  |9 701980 
710 2 |a Billy Barman (hudobná skupina)  |4 prf  |9 135484 
710 2 |a Korben Dallas (hudobná skupina)  |4 prf  |9 167196 
710 2 |a Ska-pra šupina (hudobná skupina)  |4 prf  |9 701981 
710 2 |a Vandali (hudobná skupina)  |4 prf  |9 321031 
710 2 |a Moustache (hudobná skupina)  |4 prf  |9 701982 
710 2 |a Dope Aviators (hudobná skupina)  |4 prf  |9 701983 
710 2 |a Puding pani Elvisovej (hudobná skupina)  |4 prf  |9 30273 
710 2 |a WWW (hudobná skupina)  |4 prf  |9 701984 
710 2 |a Slovenský komorný orchester  |4 prf  |9 98896 
710 2 |a Ink Midget & Pjoni (hudobná skupina)  |4 prf  |9 701985 
852 |a Štátna vedecká knižnica v Banskej Bystrici 
999 |c 1092821  |d 1094751 
952 |a SNK  |b SNK  |y PREZ  |7 0  |p 17A1067865  |o snkSCD 2723  |i snk2013/9617  |8 0  |0 0  |1 0  |4 0  |d 2013-04-26  |l 0  |r 2026-02-24 17:03:08  |w 2026-02-24